00317nam a2200097Ia 4500008004000000082001300040100000600053245007900059260007400138300000700212210210b1981 xxu||||| |||| 00| 0 eng d a355 INFO a- aInformation digest how to join the armed forces as a commissioned officer. aNDbPublication Division Ministry of Information & Broadcastingc1981 a65